Buteurs du LOSC en Europa League - Statistiques

Statistiques générales
  • Ce quiz a été pris 18 fois
  • Le résultat moyen est 8 sur 24
Statistiques - réponses
Buts Réponse % Correct
2 Yilmaz
73%
1 Bamba
67%
2+2 Hazard
67%
3 Ikone
67%
7 Yazici
60%
1 Sow
53%
5 Gervinho
47%
1 Balmont
40%
1+2 Cabaye
40%
1 Rami
40%
2+1 Chedjou
27%
2+3 De melo
27%
7 Frau
27%
1 Kjaer
27%
1 Origi
27%
1 Celik
20%
1 Gueye
20%
0+1 Mendes
20%
3 Obraniak
20%
1 Roux
20%
2 Weah
20%
1+2 Vittek
13%
0+2 Dumont
7%
1 Souquet
7%
Aucun quiz correspondant
Distribution des résultats
% des personnes avec chaque résultat
Percentile par nombre de réponses
Votre historique - résultats
Vous n’avez pas pris ce quiz